[Event "05.OIBayEM Bad Wiessee op"]
[Site "?"]
[Date "2001.10.31"]
[Round "5"]
[White "Schuette Manfred"]
[Black "Pirrot Dieter"]
[Result "1/2-1/2"]
[WhiteElo "2297"]
[BlackElo "2438"]
[PlyCount "61"]
[EventDate "2001.??.??"]
[Source "www.chesslib.no"]
[SourceDate "2004.05.04"]

1. c4 e5 2. Nc3 Nc6 3. Nf3 Nf6 4. e3 Bb4 5. Qc2 Bxc3 6. Qxc3 Qe7 7. a3 d5 8. cxd5 Nxd5 9. Qb3 Nb6 10. d3 O-O 11. Qc3 a5 12. b3 f6 13. Be2 Be6 14. O-O Rfd8 15. Nd2 Kh8 16. Rb1 Bf5 17. Re1 Rd7 18. h3 Rad8 19. e4 Be6 20. Nc4 Nd4 21. Bf1 a4 22. Nxb6 cxb6 23. bxa4 Rc7 24. Qb2 Bxh3 25. Be3 Be6 26. Bxd4 Rxd4 27. Qxb6 Rxa4 28. Rec1 Rxc1 29. Rxc1 Ra6 30. Rc7 Rxb6 31. Rxe7 1/2-1/2

[Event "It"]
[Site "Leipzig GER"]
[Date "1973.??.??"]
[Round "13"]
[White "Gayster"]
[Black "Kahn, Manfred"]
[Result "0-1"]
[WhiteElo "2470"]
[BlackElo "2265"]
[PlyCount "86"]
[EventDate "1973.??.??"]
[Source "www.chesslib.no"]
[SourceDate "2004.05.04"]

1. c4 e5 2. Nc3 Nc6 3. Nf3 Nf6 4. e3 Bb4 5. Nd5 e4 6. Nxb4 Nxb4 7. Nd4 c5 8. Nb3 d6 9. d4 Bg4 10. Qd2 a5 11. a3 Nc6 12. dxc5 dxc5 13. h3 Qb6 14. hxg4 Qxb3 15. Be2 Rd8 16. Qc3 Qxc3+ 17. bxc3 O-O 18. Rb1 Rb8 19. g5 Ne8 20. f3 Nd6 21. Kf2 Ne5 22. Rd1 Nexc4 23. a4 b6 24. Kg1 h6 25. gxh6 gxh6 26. fxe4 Rbe8 27. Rd5 f6 28. Bd3 Re5 29. Ra1 Kf7 30. Ra2 Rg8 31. Rf2 Rgg5 32. Bc2 Ke7 33. Rf4 h5 34. Kf2 b5 35. axb5 Nxb5 36. Bb3 Nbd6 37. Kf3 Rxd5 38. exd5 Ne5+ 39. Ke2 c4 40. Bc2 Rxg2+ 41. Kd1 Ng4 42. Bd2 h4 43. Ke1 h3 0-1

[Event "Corrientes zt"]
[Site "Corrientes"]
[Date "1985.??.??"]
[Round "15"]
[White "Milos, Gilberto"]
[Black "Ricardi, Pablo"]
[Result "1-0"]
[WhiteElo "2390"]
[BlackElo "2335"]
[PlyCount "111"]
[EventDate "1985.??.??"]
[Source "www.chesslib.no"]
[SourceDate "2004.05.04"]

1. c4 e5 2. Nc3 Nc6 3. Nf3 Nf6 4. e3 Be7 5. a3 d5 6. cxd5 Nxd5 7. d3 O-O 8. Be2 Be6 9. O-O f5 10. Bd2 Qe8 11. Qc2 Qg6 12. b4 a6 13. Nxd5 Bxd5 14. Bc3 Rad8 15. g3 f4 16. e4 Be6 17. Rfe1 Nd4 18. Bxd4 exd4 19. Qd2 Qh6 20. Kh1 Bh3 21. Rac1 c6 22. Rc2 Bg4 23. Ng1 Bg5 24. Bxg4 fxg3 25. f4 Rxf4 26. Qd1 Rf2 27. Nf3 Rf8 28. Rxf2 gxf2 29. Rf1 Be3 30. Kg2 Qf4 31. Qb3+ Kh8 32. Qe6 Rf6 33. Qc8+ Rf8 34. Qe6 Rf6 35. Qe8+ Rf8 36. Qh5 Rf6 37. Qe8+ Rf8 38. Qh5 Rf6 39. h3 g6 40. Qe5 h5 41. Qxf4 Rxf4 42. Ne5 Kg7 43. Bc8 Kf6 44. Nf3 g5 45. Nh2 b5 46. Rd1 Ke7 47. Nf1 Kd6 48. Bf5 c5 49. bxc5+ Kxc5 50. Ng3 Rh4 51. Kf3 b4 52. axb4+ Kxb4 53. Nf1 Rf4+ 54. Ke2 g4 55. hxg4 hxg4 56. Ra1 1-0

[Event "Poznan"]
[Site "Poznan"]
[Date "1983.??.??"]
[Round "7"]
[White "Stempin, Pawel"]
[Black "Bernard, Ryszard"]
[Result "1/2-1/2"]
[WhiteElo "2380"]
[BlackElo "2330"]
[PlyCount "53"]
[EventDate "1983.09.??"]
[Source "ChessBase"]

1. c4 e5 2. Nc3 Nc6 3. Nf3 Nf6 4. e3 Bb4 5. Qc2 O-O 6. Nd5 Re8 7. Qf5 d6 8. Nxf6+ gxf6 9. Qh5 d5 10. Bd3 e4 11. cxd5 exd3 12. dxc6 bxc6 13. b3 Re4 14. h3 a5 15. Bb2 a4 16. Qh6 Bf8 17. Qxf6 Qxf6 18. Bxf6 axb3 19. axb3 Rxa1+ 20. Bxa1 Rb4 21. O-O Rxb3 22. Bc3 c5 23. Rc1 Bd6 24. Ne1 c4 25. Nf3 Ba3 26. Rd1 c5 27. Ne5 1/2-1/2

[Event "Sala Open"]
[Site "Salamanca ESP"]
[Date "1993.??.??"]
[Round "3"]
[White "Banas, Jan"]
[Black "Zapolskis, Antanas"]
[Result "1/2-1/2"]
[WhiteElo "2370"]
[BlackElo "2335"]
[PlyCount "52"]
[EventDate "1993.??.??"]
[Source "www.chesslib.no"]
[SourceDate "2004.05.04"]

1. c4 e5 2. Nc3 Nc6 3. Nf3 Nf6 4. e3 Be7 5. d4 exd4 6. Nxd4 Nxd4 7. Qxd4 O-O 8. Be2 Re8 9. O-O Bd6 10. Qh4 Qe7 11. Bd3 h6 12. Nb5 b6 13. Nxd6 Qxd6 14. Rd1 Qe5 15. Qg3 Qxg3 16. hxg3 Bb7 17. f3 d6 18. e4 Nd7 19. b3 a5 20. Kf2 Nc5 21. Bc2 f6 22. Be3 Kf7 23. Rab1 Bc6 24. Rd2 Re7 25. Bd4 Ree8 26. Re2 Re7 1/2-1/2

[Event "Oberliga Baden 9899"]
[Site "?"]
[Date "1998.11.08"]
[Round "2.3"]
[White "Gasthofer Viktor"]
[Black "Kuehn Peter"]
[Result "1-0"]
[WhiteElo "2405"]
[BlackElo "2295"]
[PlyCount "65"]
[EventDate "1998.??.??"]
[Source "www.chesslib.no"]
[SourceDate "2004.05.04"]

1. c4 e5 2. Nc3 Nc6 3. Nf3 Nf6 4. e3 Bb4 5. Qc2 O-O 6. Nd5 a5 7. a3 Bc5 8. Ng5 g6 9. h4 d6 10. Bd3 Nxd5 11. cxd5 Ne7 12. h5 Nxd5 13. Nxh7 Kxh7 14. hxg6+ Kg8 15. Bc4 Nf6 16. gxf7+ Kg7 17. d4 Bb6 18. dxe5 dxe5 19. Bd2 Qe7 20. g4 Bxg4 21. Rg1 Rh8 22. f3 Rh5 23. fxg4 Rg5 24. O-O-O Rd8 25. Rdf1 Nxg4 26. Rh1 Nf6 27. Kb1 Qd6 28. Bc1 Qc6 29. Qh2 Qe4+ 30. Ka1 Nh5 31. Rhg1 Rxg1 32. Rxg1+ Kh6 33. Be2 1-0

[Event "Boston, MA"]
[Site "?"]
[Date "1998.10.21"]
[Round "7"]
[White "Rasin Jacob"]
[Black "Cherniack Alex"]
[Result "1/2-1/2"]
[WhiteElo "2441"]
[BlackElo "2255"]
[PlyCount "54"]
[EventDate "1998.??.??"]
[Source "www.chesslib.no"]
[SourceDate "2004.05.04"]

1. c4 e5 2. Nc3 Nc6 3. Nf3 Nf6 4. e3 Bb4 5. Qc2 O-O 6. Nd5 Re8 7. a3 Bf8 8. d3 d6 9. Be2 Nxd5 10. cxd5 Ne7 11. e4 c6 12. dxc6 Nxc6 13. O-O Bg4 14. Be3 d5 15. b4 Rc8 16. Qb2 d4 17. Bd2 b5 18. h3 Bd7 19. Rfc1 Re6 20. Nh2 Ne7 21. Bg4 Rec6 22. Nf3 Ng6 23. Qa2 Bd6 24. Ng5 Rxc1+ 25. Rxc1 Rxc1+ 26. Bxc1 Be8 27. Qc2 Qc7 1/2-1/2

[Event "Greater Boston Open 63rd"]
[Site "?"]
[Date "1996.??.??"]
[Round "2"]
[White "Hertan Charles E"]
[Black "Paschall William M"]
[Result "1/2-1/2"]
[WhiteElo "2395"]
[BlackElo "2285"]
[PlyCount "57"]
[EventDate "1996.??.??"]
[Source "www.chesslib.no"]
[SourceDate "2004.05.04"]

1. c4 e5 2. Nc3 Nc6 3. Nf3 Nf6 4. e3 Bb4 5. Qc2 Bxc3 6. Qxc3 Qe7 7. a3 d5 8. cxd5 Nxd5 9. Qb3 Nb6 10. d3 Bg4 11. Be2 O-O 12. Qc2 Rad8 13. b4 a6 14. Bb2 Rfe8 15. O-O Rd6 16. Bc3 Nd5 17. Rac1 Nxc3 18. Qxc3 Red8 19. Rfd1 Qd7 20. h3 Bxf3 21. Bxf3 Rxd3 22. Rxd3 Qxd3 23. Bxc6 bxc6 24. Qxc6 Qxa3 25. Qxc7 Re8 26. Qc6 Rd8 27. Qc7 Re8 28. Qc8 Rf8 29. Qc3 1/2-1/2

[Event "BCF Ch"]
[Site "Chester"]
[Date "1979.??.??"]
[Round "10"]
[White "Povah, Nigel E"]
[Black "Haygarth, Michael J"]
[Result "1/2-1/2"]
[WhiteElo "2325"]
[BlackElo "2355"]
[PlyCount "47"]
[EventDate "1979.08.??"]
[Source "www.chesslib.no"]
[SourceDate "2004.05.04"]

1. c4 e5 2. Nc3 Nc6 3. Nf3 Nf6 4. e3 d6 5. d4 Bd7 6. Be2 g6 7. b3 Bg7 8. Bb2 O-O 9. dxe5 dxe5 10. O-O Re8 11. Qd2 Bg4 12. Nd5 Nxd5 13. cxd5 e4 14. Bxg7 exf3 15. gxf3 Bh3 16. Bh6 Re5 17. e4 Nd4 18. Rfe1 Nxe2+ 19. Rxe2 Rh5 20. Bf4 Qf6 21. e5 Rg5+ 22. Kh1 Bg2+ 23. Kg1 Bh3+ 24. Kh1 1/2-1/2

[Event "Tula op"]
[Site "?"]
[Date "2000.??.??"]
[Round "1"]
[White "Leontiev Aleksandr V"]
[Black "Gazakaev Sergey"]
[Result "1/2-1/2"]
[WhiteElo "2386"]
[BlackElo "2287"]
[PlyCount "125"]
[EventDate "2000.??.??"]
[Source "www.chesslib.no"]
[SourceDate "2004.05.04"]

1. c4 e5 2. Nc3 Nc6 3. Nf3 Nf6 4. e3 Be7 5. d4 exd4 6. Nxd4 O-O 7. Nc2 Nb4 8. Nd5 Nfxd5 9. cxd5 c6 10. Nxb4 Bxb4+ 11. Bd2 Qa5 12. a3 Bxd2+ 13. Qxd2 Qxd2+ 14. Kxd2 b6 15. b4 Bb7 16. Be2 cxd5 17. Bf3 Rfc8 18. Rhd1 a5 19. Ke1 Kf8 20. Rdb1 Rc3 21. bxa5 Rxa5 22. Rxb6 Bc6 23. a4 Rc4 24. Bd1 d4 25. Bb3 Rc3 26. Kd2 Bxg2 27. exd4 Rf3 28. Ke2 Rf4 29. Ke3 Rf3+ 30. Ke2 Raf5 31. a5 Rxf2+ 32. Kd3 Bf1+ 33. Kc3 R5f3+ 34. Kb4 Rd2 35. Kc5 Rc3+ 36. Kb4 Rf3 37. a6 Bxa6 38. Rbxa6 Rxd4+ 39. Kc5 Rd2 40. Ra8+ Ke7 41. Re1+ Kf6 42. Bd5 Rf5 43. Ra6+ Kg5 44. Rd6 g6 45. Rh1 h5 46. h4+ Kh6 47. Rxd7 Rdf2 48. Kd4 Kg7 49. Ke3 R2f4 50. Rh3 Ra4 51. Rh2 Ra3+ 52. Ke2 Ra4 53. Bb3 Re4+ 54. Kd2 Ref4 55. Ke2 Re4+ 56. Kd3 Ref4 57. Bd1 Rf2 58. Rh3 Rf1 59. Be2 Ra1 60. Ke3 Re5+ 61. Kf3 Ra3+ 62. Bd3 Rf5+ 63. Ke3 1/2-1/2

[Event "Bucharest-B"]
[Site "Bucharest ROM"]
[Date "1994.??.??"]
[Round "?"]
[White "Badea, Bela"]
[Black "Bogdan, Dan"]
[Result "1/2-1/2"]
[WhiteElo "2380"]
[BlackElo "2290"]
[PlyCount "33"]
[EventDate "1994.??.??"]
[Source "www.chesslib.no"]
[SourceDate "2004.05.04"]

1. c4 e5 2. Nc3 Nc6 3. Nf3 Nf6 4. e3 Bb4 5. d3 O-O 6. Bd2 d5 7. cxd5 Nxd5 8. Be2 Be6 9. O-O f5 10. Qc2 Kh8 11. Nxd5 Bxd5 12. a3 Be7 13. Bc3 Bf6 14. b4 a6 15. Qb2 Qe7 16. a4 e4 17. Nd4 1/2-1/2

[Event "NOR-ch"]
[Site "Gausdal"]
[Date "1999.07.10"]
[Round "9"]
[White "Hansen, Torbjorn R"]
[Black "Fyllingen, Roy Harald"]
[Result "1/2-1/2"]
[WhiteElo "2259"]
[BlackElo "2410"]
[PlyCount "65"]
[EventDate "1999.07.03"]
[Source "ChessBase"]
[SourceDate "1999.09.14"]

1. c4 e5 2. Nc3 Nc6 3. Nf3 Nf6 4. e3 Bb4 5. Qc2 O-O 6. Nd5 Re8 7. Qf5 d6 8. Nxf6+ Qxf6 9. Qxf6 gxf6 10. a3 Bc5 11. b4 Bb6 12. Bb2 a5 13. b5 Ne7 14. Be2 c5 15. d3 f5 16. O-O Ng6 17. Nd2 Bd8 18. Bf3 Rb8 19. Bd5 f4 20. Ne4 Be7 21. d4 cxd4 22. exd4 b6 23. Rfe1 Kf8 24. Bc6 Rd8 25. Nc3 f6 26. Nd5 Bb7 27. g3 fxg3 28. hxg3 Kf7 29. Re3 Rdc8 30. Bxb7 Rxb7 31. Rc1 Bd8 32. Kf1 Ne7 33. Nxe7 1/2-1/2

[Event "Werfen Open"]
[Site "Werfen"]
[Date "1993.??.??"]
[Round "8"]
[White "Hanel, Reinhard"]
[Black "Wuppinger, Manfred"]
[Result "1-0"]
[WhiteElo "2365"]
[BlackElo "2280"]
[PlyCount "101"]
[EventDate "1993.??.??"]
[Source "www.chesslib.no"]
[SourceDate "2004.05.04"]

1. c4 e5 2. Nc3 Nc6 3. Nf3 Nf6 4. e3 d6 5. d4 exd4 6. Nxd4 Bd7 7. Be2 Ne5 8. e4 h6 9. f3 Be7 10. Be3 a6 11. Qd2 Rb8 12. a4 c5 13. Nc2 Be6 14. b3 O-O 15. O-O Kh7 16. Ne1 Rc8 17. Qc2 Nc6 18. e5+ g6 19. exf6 Bxf6 20. Rb1 Bf5 21. Ne4 Be5 22. Bd3 Nb4 23. Qd2 b5 24. axb5 axb5 25. Rd1 Re8 26. Bb1 Nc6 27. Nd3 Bg7 28. Nf4 b4 29. Qxd6 Qxd6 30. Rxd6 Nd4 31. Nd5 Kh8 32. Nxb4 Bxe4 33. fxe4 Nf5 34. exf5 Rxe3 35. Nd5 Rxb3 36. f6 Bf8 37. Rd7 Rcb8 38. Be4 R3b7 39. Rxb7 Rxb7 40. Rb1 Rxb1+ 41. Bxb1 Bd6 42. g4 Kg8 43. Bc2 Be5 44. Kg2 Kf8 45. h4 Ke8 46. Ba4+ Kf8 47. h5 g5 48. Kf3 Bb2 49. Ke4 Bd4 50. Kf5 Bb2 51. Nb6 1-0

[Event "Olympiades Calvia (36eme)"]
[Site "?"]
[Date "2004.10.17"]
[Round "3.47"]
[White "Ziyaev Negmat"]
[Black "Cordova Emilio"]
[Result "0-1"]
[WhiteElo "2295"]
[BlackElo "2347"]
[PlyCount "96"]
[EventDate "2004.??.??"]
[Source "www.chesslib.no"]
[SourceDate "2004.05.04"]

1. c4 e5 2. Nc3 Nc6 3. Nf3 Nf6 4. e3 d6 5. d4 Bg4 6. Be2 g6 7. O-O Bg7 8. d5 Ne7 9. e4 O-O 10. Be3 h6 11. c5 Nh5 12. Ne1 Bxe2 13. Qxe2 f5 14. cxd6 cxd6 15. exf5 Nxf5 16. Nc2 Nf4 17. Qd2 Nxg2 18. Kh1 Nfh4 19. f3 Nf4 20. Ne4 Qd7 21. Rad1 Qh3 22. Nxd6 Nxf3 23. Qf2 Nxd5 24. Qg3 Qxg3 25. hxg3 Nd4 26. Rxf8+ Rxf8 27. Bxd4 exd4 28. Nxd4 Ne3 29. Rd3 Rf1+ 30. Kh2 Rf2+ 31. Kh3 Nf1 32. Nf3 Rxb2 33. Ne8 Re2 34. Rd8 Kh7 35. a4 Re7 36. Nd6 Ne3 37. a5 Bc3 38. Nc8 Rf7 39. Rd3 Rxf3 40. Rxc3 h5 41. Nxa7 g5 42. Rc7+ Kg6 43. Rxb7 h4 44. Nc6 Rxg3+ 45. Kh2 Ng4+ 46. Kh1 h3 47. Rb2 Rc3 48. Ne7+ Kf7 0-1

[Event "UKR-ch U16"]
[Site "?"]
[Date "2003.??.??"]
[Round "9"]
[White "Pavlov Sergey1"]
[Black "Tishin Dmitry"]
[Result "0-1"]
[WhiteElo "2342"]
[BlackElo "2291"]
[PlyCount "101"]
[EventDate "2003.??.??"]
[Source "www.chesslib.no"]
[SourceDate "2004.05.04"]

1. c4 e5 2. Nc3 Nc6 3. Nf3 Nf6 4. e3 Bb4 5. Qc2 O-O 6. Nd5 Bc5 7. Ng5 g6 8. Nxf6+ Qxf6 9. Ne4 Qe7 10. Nxc5 Qxc5 11. a3 a5 12. Qa4 Ra7 13. Qb5 Qe7 14. b3 d6 15. Qd5 Bf5 16. Bb2 Qd7 17. Be2 Raa8 18. Rc1 Ne7 19. Qf3 c5 20. d4 cxd4 21. exd4 e4 22. Qg3 d5 23. cxd5 Nxd5 24. O-O Rac8 25. Bc4 Be6 26. a4 f5 27. Qe5 Bf7 28. Ba3 Rfd8 29. Bc5 Qe8 30. Bd6 Qe6 31. Ba3 Re8 32. Bb5 Red8 33. Rxc8 Rxc8 34. Bc4 Re8 35. Bd6 Rd8 36. Bc5 Re8 37. Bb5 Rc8 38. Ba3 Nb6 39. Rb1 Nd5 40. Bc4 Re8 41. Rc1 Qb6 42. Qg3 Qxd4 43. Bb5 Ra8 44. Qd6 e3 45. fxe3 Qxe3+ 46. Kh1 Qe6 47. Qc5 Qe3 48. Qd6 Qe6 49. Qc5 Qe3 50. Qc2 f4 51. Bb2 0-1

[Event "FRA Team Ch"]
[Site "France"]
[Date "1989.??.??"]
[Round "?"]
[White "Vaisman, Volodia"]
[Black "Dezan, Pierre"]
[Result "1/2-1/2"]
[WhiteElo "2390"]
[BlackElo "2240"]
[PlyCount "85"]
[EventDate "1989.??.??"]
[Source "www.chesslib.no"]
[SourceDate "2004.05.04"]

1. c4 e5 2. Nc3 Nc6 3. Nf3 Nf6 4. e3 Bb4 5. Qc2 O-O 6. Nd5 Re8 7. a3 Bf8 8. d3 a5 9. b3 d6 10. Bb2 Be6 11. Nxf6+ Qxf6 12. Be2 d5 13. O-O d4 14. e4 Qd8 15. Bc1 h6 16. Ne1 f5 17. exf5 Bxf5 18. Bf3 Qd7 19. Bd5+ Kh8 20. Nf3 Bd6 21. Re1 b6 22. Be4 Rf8 23. Nh4 Bxe4 24. Rxe4 Rf6 25. Qd1 Qf7 26. Ra2 Rf8 27. Qe2 Nb8 28. Nf3 Nd7 29. Rh4 Qg6 30. Qe4 Nc5 31. Qxg6 Rxg6 32. Ne1 Nxb3 33. Bd2 Nxd2 34. Rxd2 Bxa3 35. Re2 Bd6 36. Kf1 a4 37. Rhe4 a3 38. Nf3 Ra8 39. Ra2 c5 40. Nxe5 Bxe5 41. Rxe5 Rf6 42. Re1 Rf7 43. Rb1 1/2-1/2

[Event "HUN-chT 9697"]
[Site "?"]
[Date "1996.??.??"]
[Round "6"]
[White "Gyurkovics Miklos"]
[Black "Gazik Igor"]
[Result "1/2-1/2"]
[WhiteElo "2240"]
[BlackElo "2380"]
[PlyCount "135"]
[EventDate "1996.??.??"]
[Source "www.chesslib.no"]
[SourceDate "2004.05.04"]

1. c4 e5 2. Nc3 Nc6 3. Nf3 Nf6 4. e3 Be7 5. d4 exd4 6. Nxd4 O-O 7. Nxc6 bxc6 8. Qa4 Ng4 9. Be2 f5 10. h3 Ne5 11. O-O a5 12. f4 Ng6 13. Bd2 Bc5 14. Rae1 Qe7 15. Kh1 Bb7 16. Bd3 Bb4 17. e4 Bxc3 18. Bxc3 Qd6 19. Bc2 fxe4 20. c5 Qxc5 21. Qb3+ d5 22. Qxb7 d4 23. Qb3+ Kh8 24. Bxd4 Qxd4 25. Rxe4 Qd6 26. Re6 Rxf4 27. Rfe1 Qf8 28. Qd3 Rd8 29. Qxd8 Qxd8 30. Re8+ Rf8 31. Rxd8 Rxd8 32. Re6 Nf4 33. Rxc6 g5 34. Rxc7 h5 35. Rc5 Rd2 36. Be4 Ne6 37. Rc2 Rd1+ 38. Kh2 h4 39. g3 Re1 40. Bd5 Nd4 41. Rf2 Re3 42. gxh4 Re5 43. Bc4 Re3 44. Kg2 gxh4 45. Rf4 Nc6 46. Rxh4+ Kg7 47. Kf2 Re7 48. Rf4 Ne5 49. Be2 Nc6 50. a4 Re5 51. h4 Nb4 52. Rg4+ Kh6 53. Rg5 Rxg5 54. hxg5+ Kxg5 55. Ke3 Kf5 56. Kd4 Kf4 57. Kc5 Ke5 58. Bc4 Ke4 59. Kb5 Kd4 60. b3 Na2 61. Bf7 Nb4 62. Kxa5 Kc5 63. Be8 Nc2 64. Bh5 Nb4 65. Bf3 Nc2 66. Ka6 Nd4 67. Bd1 Nc6 68. Kb7 1/2-1/2

[Event "Martinez Acosta A"]
[Site "Martinez Acosta A"]
[Date "1995.??.??"]
[Round "?"]
[White "Acedo, Hector Oscar"]
[Black "Sorensen, Torben"]
[Result "0-1"]
[WhiteElo "2365"]
[BlackElo "2255"]
[PlyCount "116"]
[EventDate "1995.??.??"]
[Source "www.chesslib.no"]
[SourceDate "2004.05.04"]

1. c4 e5 2. Nc3 Nc6 3. Nf3 Nf6 4. e3 Bb4 5. Qc2 Bxc3 6. bxc3 O-O 7. d4 d6 8. Be2 h6 9. O-O Nh7 10. Ba3 Re8 11. c5 e4 12. Nd2 d5 13. c4 Be6 14. Rab1 Rb8 15. Rb5 Nf6 16. Rfb1 Qc8 17. Qb2 Nd8 18. h3 g6 19. cxd5 Bxd5 20. Nc4 Kg7 21. Ne5 Qe6 22. Ra5 Ra8 23. Bb4 a6 24. Bb5 b6 25. Rxa6 Rxa6 26. Bxa6 bxc5 27. dxc5 Qxe5 28. Bc3 Qe7 29. h4 Ne6 30. Qd2 Rd8 31. Be2 Bc4 32. Qb2 Bxe2 33. Qxe2 Kh7 34. Qc4 Nd5 35. h5 Qxc5 36. hxg6+ fxg6 37. Qxc5 Nxc5 38. Bd4 Ne6 39. Be5 Kg8 40. a4 Kf7 41. Kf1 Ke7 42. Rc1 Ra8 43. Rc4 Nb6 44. Rxe4 Rxa4 45. Rxa4 Nxa4 46. g4 Nb6 47. Ke2 Nc4 48. Bc3 Kd6 49. f4 Kd5 50. Kf3 Nd6 51. f5 gxf5 52. gxf5 Nc5 53. Kf4 Nce4 54. Bb2 c5 55. Kg4 Nf7 56. Kh5 Ned6 57. Kg6 c4 58. f6 Ke6 0-1

[Event "Oberwart Open"]
[Site "Oberwart AUT"]
[Date "1991.??.??"]
[Round "?"]
[White "Hanel, Reinhard"]
[Black "Kristiansson, I."]
[Result "1-0"]
[WhiteElo "2365"]
[BlackElo "2250"]
[PlyCount "77"]
[EventDate "1991.07.??"]
[Source "www.chesslib.no"]
[SourceDate "2004.05.04"]

1. c4 e5 2. Nc3 Nc6 3. Nf3 Nf6 4. e3 Bb4 5. Qc2 O-O 6. a3 Bxc3 7. Qxc3 Re8 8. b3 e4 9. Nd4 Ne5 10. Bb2 d6 11. Be2 c5 12. Nc2 Bf5 13. O-O Qe7 14. f4 exf3 15. gxf3 Nh5 16. f4 Ng4 17. Bxg4 Bxg4 18. Rf2 f5 19. d3 Qh4 20. Qe1 Bh3 21. Kh1 Re6 22. Rf3 Qxe1+ 23. Rxe1 Bg4 24. Rf2 Rae8 25. Kg2 Nf6 26. h3 Bh5 27. Kh2 R8e7 28. Rg1 Be8 29. e4 Bg6 30. Ne3 Nd7 31. Rg5 h6 32. Rg1 Bh7 33. Rfg2 g5 34. Nd5 Rf7 35. fxg5 hxg5 36. Rxg5+ Kf8 37. Bg7+ Kg8 38. Nf4 Re8 39. Be5+ 1-0

[Event "Buenos Aires ol (Men)"]
[Site "Buenos Aires"]
[Date "1978.??.??"]
[Round "?"]
[White "Piasetski, Leon David"]
[Black "Roos, Louis"]
[Result "1-0"]
[WhiteElo "2410"]
[BlackElo "2200"]
[PlyCount "81"]
[EventDate "1978.10.??"]
[Source "www.chesslib.no"]
[SourceDate "2004.05.04"]

1. c4 e5 2. Nc3 Nc6 3. Nf3 Nf6 4. e3 Bb4 5. Qc2 O-O 6. Nd5 Re8 7. Qf5 d6 8. Nxf6+ Qxf6 9. Qxf6 gxf6 10. a3 Ba5 11. b3 Ne7 12. Bb2 c6 13. Be2 Kf8 14. O-O Ng6 15. Rfd1 Bd8 16. d4 e4 17. Nd2 d5 18. Nb1 a6 19. Nc3 Be6 20. a4 f5 21. g3 Kg7 22. Ba3 Bc7 23. Rdc1 Rac8 24. Rc2 Bb8 25. Rac1 Rcd8 26. Bb4 Rg8 27. Ba5 Rd7 28. cxd5 cxd5 29. Na2 f4 30. gxf4 Kf6 31. Kh1 Re7 32. Nc3 Ree8 33. f3 Nxf4 34. exf4 Bxf4 35. Rd1 e3 36. Bd3 Rg5 37. Ne2 Bb8 38. Bc7 Bh3 39. Nf4 e2 40. Re1 Bf1 41. h4 1-0

[Event "Ano Liosia op"]
[Site "Athens"]
[Date "1998.01.04"]
[Round "2"]
[White "Logothetis, Sotirios"]
[Black "Skembris, Spyridon"]
[Result "1/2-1/2"]
[WhiteElo "2120"]
[BlackElo "2490"]
[PlyCount "138"]
[EventDate "1998.01.03"]
[Source "ChessBase"]
[SourceDate "1998.03.09"]

1. c4 e5 2. Nc3 Nc6 3. Nf3 Nf6 4. e3 Bb4 5. Qc2 O-O 6. Nd5 Re8 7. Qf5 d6 8. Nxf6+ gxf6 9. Qh5 e4 10. a3 Bc5 11. b4 Bb6 12. Nh4 a5 13. b5 Ne5 14. f4 Ng6 15. Bb2 c6 16. bxc6 bxc6 17. Rc1 Rb8 18. Ba1 Bc5 19. g4 Bxa3 20. Rd1 f5 21. Nxf5 Bxf5 22. gxf5 Qh4+ 23. Qxh4 Nxh4 24. Rg1+ Kf8 25. Rg7 Bb2 26. Bxb2 Nf3+ 27. Ke2 Rxb2 28. Rxh7 Ke7 29. Bg2 a4 30. Bxf3 exf3+ 31. Kxf3 a3 32. Ra1 a2 33. Rg7 Ra8 34. Rgg1 Rxd2 35. Rg2 Rxg2 36. Kxg2 Kf6 37. e4 Ra3 38. Kf2 d5 39. exd5 cxd5 40. cxd5 Kxf5 41. h4 Kxf4 42. d6 f5 43. d7 Ra8 44. d8=Q Rxd8 45. Rxa2 Kg4 46. Ra4+ f4 47. Ra3 Rd2+ 48. Kf1 Rh2 49. Kg1 Rxh4 50. Kg2 Rh8 51. Kf2 Rb8 52. Rc3 Rb2+ 53. Kf1 Rh2 54. Ra3 Rh5 55. Kf2 Re5 56. Rb3 Ra5 57. Rc3 Ra2+ 58. Kf1 Kh4 59. Rb3 Kg5 60. Rb5+ Kg4 61. Rb3 Rh2 62. Ra3 Rh3 63. Rxh3 Kxh3 64. Kf2 Kg4 65. Kg2 f3+ 66. Kf2 Kf4 67. Kf1 Ke3 68. Ke1 f2+ 69. Kf1 Kf3 1/2-1/2

[Event "Kiev-ch"]
[Site "?"]
[Date "2003.02.02"]
[Round "11"]
[White "Pavlov Sergey"]
[Black "Petryk Fedir"]
[Result "1-0"]
[WhiteElo "2342"]
[BlackElo "2261"]
[PlyCount "79"]
[EventDate "2003.??.??"]
[Source "www.chesslib.no"]
[SourceDate "2004.05.04"]

1. c4 e5 2. Nc3 Nc6 3. Nf3 Nf6 4. e3 Bb4 5. Qc2 O-O 6. Nd5 Re8 7. Qf5 d6 8. Nxf6+ Qxf6 9. Qxf6 gxf6 10. a3 Bc5 11. d3 a5 12. b3 f5 13. Be2 e4 14. dxe4 fxe4 15. Nd2 f5 16. Bb2 Ne5 17. O-O-O Re6 18. Rhg1 Rg6 19. h3 Be6 20. g4 Rf8 21. g5 Rd8 22. Kc2 Rd7 23. h4 Kf8 24. Nf1 Rg8 25. Ng3 Rf7 26. Nh5 Ke7 27. Nf4 Rfg7 28. Nd5+ Bxd5 29. Rxd5 c6 30. Rxc5 dxc5 31. Bxe5 Rg6 32. Bf6+ Ke6 33. Rg3 Re8 34. Bc3 b6 35. Rg1 Rgg8 36. h5 Ra8 37. a4 Raf8 38. g6 hxg6 39. hxg6 f4 40. g7 1-0

[Event "Scandinavia CupT U18"]
[Site "?"]
[Date "1999.??.??"]
[Round "3"]
[White "Hansen Torbjorn Ringdal"]
[Black "Skytte Rasmus"]
[Result "0-1"]
[WhiteElo "2259"]
[BlackElo "2338"]
[PlyCount "58"]
[EventDate "1999.??.??"]
[Source "www.chesslib.no"]
[SourceDate "2004.05.04"]

1. c4 e5 2. Nc3 Nc6 3. Nf3 Nf6 4. e3 Be7 5. a3 O-O 6. Qc2 d5 7. cxd5 Nxd5 8. Be2 a5 9. O-O Be6 10. d3 Kh8 11. Bd2 f5 12. Rac1 Qe8 13. Nxd5 Bxd5 14. e4 Be6 15. Bc3 Bd6 16. Qd2 fxe4 17. dxe4 Qg6 18. Kh1 Bg8 19. Rce1 Rad8 20. Qe3 Rf4 21. Bb5 Qh5 22. Bxc6 bxc6 23. Bxa5 Rdf8 24. Nd2 Be6 25. Rc1 Rh4 26. Qg3 Rf6 27. Kg1 Rg6 28. Qf3 Rxh2 29. g3 Bg4 0-1

[Event "Bratislava Slovan Open"]
[Site "Bratislava SVK"]
[Date "1993.??.??"]
[Round "5"]
[White "Banas, Jan"]
[Black "Harasta, Vladimir"]
[Result "1-0"]
[WhiteElo "2370"]
[BlackElo "2220"]
[PlyCount "77"]
[EventDate "1993.??.??"]
[Source "www.chesslib.no"]
[SourceDate "2004.05.04"]

1. c4 e5 2. Nc3 Nc6 3. Nf3 Nf6 4. e3 d6 5. d4 Bd7 6. Be2 g6 7. O-O Bg7 8. d5 Ne7 9. e4 O-O 10. Ne1 Ne8 11. f4 exf4 12. Bxf4 f5 13. Qd2 Nf6 14. e5 dxe5 15. Bxe5 Ne4 16. Qd4 c5 17. dxc6 Nxc3 18. Qxc3 Bxe5 19. Qxe5 Bxc6 20. Rd1 Qe8 21. c5 Qf7 22. b3 Qf6 23. Nf3 Qxe5 24. Nxe5 Rad8 25. Bc4+ Kg7 26. Nxc6 Nxc6 27. Bd5 Rfe8 28. b4 Nxb4 29. Bxb7 Rxd1 30. Rxd1 Re7 31. c6 Kf6 32. a3 Na2 33. Rd6+ Kf7 34. Rd3 Nc1 35. Rd2 Rc7 36. Rd8 Nb3 37. Rc8 Rxc8 38. Bxc8 Ke7 39. c7 1-0

[Event "NRW Ch"]
[Site "Niederdreisbach"]
[Date "1981.??.??"]
[Round "?"]
[White "Ingenerf, Stephan"]
[Black "Gerusel, Mathias"]
[Result "1/2-1/2"]
[WhiteElo "2220"]
[BlackElo "2370"]
[PlyCount "145"]
[EventDate "1981.??.??"]
[Source "www.chesslib.no"]
[SourceDate "2004.05.04"]

1. c4 e5 2. Nc3 Nc6 3. Nf3 Nf6 4. e3 d6 5. d4 exd4 6. Nxd4 Bd7 7. b3 g6 8. Bb2 Bg7 9. Be2 O-O 10. O-O Ne5 11. h3 Re8 12. Qd2 a6 13. Rad1 Rb8 14. Ba1 Nc6 15. Nd5 Ne4 16. Qc1 Ne5 17. Nf4 b5 18. cxb5 axb5 19. Nf3 Qc8 20. Qc2 Qb7 21. Bxe5 Bxe5 22. Nd5 Bc6 23. Nb4 Nc3 24. Nxe5 Nxe2+ 25. Qxe2 Rxe5 26. Nxc6 Qxc6 27. Rc1 Rc5 28. Rxc5 Qxc5 29. e4 Ra8 30. Rd1 b4 31. Rd2 Qc1+ 32. Kh2 Re8 33. Rc2 Qa1 34. Rxc7 d5 35. Qf3 Qe5+ 36. Qg3 Qxe4 37. Rd7 Re5 38. Qf3 Qxf3 39. gxf3 Re2 40. Rxd5 Rxf2+ 41. Kg3 Rxa2 42. Rd4 Kg7 43. Rxb4 Rb2 44. h4 h5 45. Rb5 Rb1 46. Rb4 Kf6 47. Rb7 Ke6 48. Rb6+ Ke5 49. Rb5+ Kf6 50. Rb6+ Kg7 51. Rb7 Rb2 52. Rb6 Kh6 53. Rf6 Kg7 54. Rb6 Rd2 55. Rb4 Rd5 56. Rb7 Kf6 57. Kf4 Rf5+ 58. Kg3 Ke6 59. Rb6+ Kd7 60. Rb4 Rd5 61. Rf4 Ke6 62. Re4+ Kf6 63. Rf4+ Kg7 64. Rb4 Rd7 65. Rb6 f6 66. Kf4 Rd4+ 67. Kg3 g5 68. hxg5 h4+ 69. Kh3 fxg5 70. b4 Rc4 71. b5 Rf4 72. Kg2 Rf5 73. Rb8 1/2-1/2